000 00586 a2200193 4500
999 _c7652
_d7652
020 _a9780195992908
050 _aHM 263 SKI 2010
100 _aSkinner , Chris
_eauthor
245 _aHandbook of public relations /
_cChris Skinner ,Liew von Essen...[et al]
250 _a9 th ed.
264 _aCape Town
_bOxford University Press
_c2010
300 _a399p.:
_bill.
500 _aIncludes index
650 _aPublic relations
700 _aEssen, von Liew
_eauthor
700 _aMersham, Gary
_eauthor
700 _aMotau, Sejamothopo
_eauthor
942 _2lcc
_cBK
_e9th ed.
_h263
_iSKI
_kHM